• 首页
  • 本馆介绍
  • 公告通知
  • 最新文献
  • 馆藏检索
  • 电子资源
  • 读者导购
  • 参考咨询
  • 我的图书馆
  • 登录
  • 详细信息显示
  • 放入我的书架
  • 预约/预借图书
  • 作者相关作品
  • 分类相关作品
  • 丛书相关作品
  • 出版社相关作品

书目信息

  • 表格格式
  • 工作单格式
  • 卡片格式
题名:
园艺植物育种学
    
 
作者: 沈火林 主编
分册:  
出版信息: 北京   中央广播电视大学出版社  2021.3
页数: 254页
开本: 26cm
丛书名:
单 册:
中图分类: S603
科图分类:
主题词: 园艺作物--作物育种--广播电视大学--教材 , 园艺作物 , 作物育种
电子资源:
ISBN: 978-7-304-05087-0
000 00941nam0 2200265 45
001 012001002701
005 20141008105144.0
010    @a978-7-304-05087-0@dCNY37.00
100    @a20110907d2011 em y0chiy50 ea
101 0  @achi
102    @aCN@b110000
105    @ay z 000yy
106    @ar
200 1  @a园艺植物育种学@f沈火林主编@Ayuan yi zhi wu yu zhong xue
210    @a北京@c中央广播电视大学出版社@d2021.3
215    @a254页@d26cm
300    @a中央广播电视大学教材
330    @a本书突出了育种原理及其在园艺植物育种中的应用,既介绍了植物育种的一般原理、方法,又针对园艺植物的特点,特别介绍了各种育种方法在园艺植物育种中的应用,对目前比较先进的育种方法以及计算机在育种工作中的应用也进行了介绍。
606 0  @a园艺作物@x作物育种@x广播电视大学@j教材
606 0  @a园艺作物
606 0  @a作物育种
690    @aS603@v4
701  0 @a沈火林@4主编@Ashen huo lin
801  2 @aCN@bBJSDL@c20211018
905    @b1344662-5@dS603@e687@f4
    
    园艺植物育种学/沈火林主编.-北京:中央广播电视大学出版社,2021.3
    254页;26cm
    中央广播电视大学教材
    
    ISBN 978-7-304-05087-0:CNY37.00
    本书突出了育种原理及其在园艺植物育种中的应用,既介绍了植物育种的一般原理、方法,又针对园艺植物的特点,特别介绍了各种育种方法在园艺植物育种中的应用,对目前比较先进的育种方法以及计算机在育种工作中的应用也进行了介绍。
●
相关链接 在E读中查询图书 在五车中查询图书 在当当中查询图书 在豆瓣中查询图书


正题名:园艺植物育种学     索取号:S603/687         预约/预借

序号 登录号 条形码 馆藏地/架位号 状态 备注
1 1344662   213446626   第二样本阅览室/ [索取号:S603/687] 在馆    
2 1344663   213446635   第三借阅区/ [索取号:S603/687] 在馆    
3 1344664   213446644   第三借阅区/ [索取号:S603/687] 在馆    
4 1344665   213446653   第三借阅区/ [索取号:S603/687] 在馆    
唐山师范学院图书馆 欢迎您!
大连网信软件有限公司© 版权所有